00449nam a2200169Ia 4500003000400000008004100004040001600045082001500061100001600076245006100092700001400153260004400167300001000211650001300221650002200234650002300256GCL140319s9999 xx 000 0 eng d aGCL / cGCL04a547.1bT A1 aTYAGI, O.D.10aA TEXTBOOK OF ORGANIC REACTION MECHANISM / cTYAGI, O.D.1 aYADAV, M. a[S.N] : bANIMAL PUBLICATIONS ، c1993 a430 P04aDYNAMICS04aORGANIC CHEMISTRY04aMECHANICS ANALYTIC